000 00882aam a2200313 i 4500
001 768714001
003 CO-MdFUSB
005 20250426125556.0
007 ta
008 250426t1983 sp |||| |||| 00| 0 spa d
020 _a84-249-0885-6
040 _cCO-MdFUSB
041 0 _aspa
082 0 4 _223
_a239
_bH667g
100 1 _aHipólito de Roma
_eautor
245 1 4 _aLos gnósticos II
_c/ Hipólito de Roma ; traducido por José Montserrat Torrents
264 1 _bGredos,
_aMadrid, España :
_c[1983]
264 4 _c©1983
300 _a422 páginas
336 _atexto
_btxt
_2rdacontent
337 _2rdamedia
_asin mediación
_bn
338 _2rdacarrier
_avolumen
_bnc
490 _aBiblioteca Clásica Gredos,
563 _apasta dura
650 7 _aApologética
_9187
700 _aMontserrat Torrents, José,
_911297
_etraductor
942 _cBK
945 _aJTF-925
999 _c35235
_d35235